Policy and guidance on university partnerships (Record no. 113322)
[ view plain ]
| 000 -LEADER | |
|---|---|
| fixed length control field | 02215cam a22002295a 4500 |
| 001 - CONTROL NUMBER | |
| control field | L155103 |
| 008 - FIXED-LENGTH DATA ELEMENTS--GENERAL INFORMATION | |
| fixed length control field | 120301s2008 xxk f 000 0 eng d |
| 035 ## - SYSTEM CONTROL NUMBER | |
| System control number | (Sirsi) u155103 |
| 041 0# - LANGUAGE CODE | |
| Language code of text/sound track or separate title | eng |
| 110 2# - MAIN ENTRY--CORPORATE NAME | |
| Corporate name or jurisdiction name as entry element | RICS Education and Training Department |
| 9 (RLIN) | 5613 |
| 245 00 - TITLE STATEMENT | |
| Title | Policy and guidance on university partnerships |
| 250 ## - EDITION STATEMENT | |
| Edition statement | 2nd ed. |
| 260 ## - PUBLICATION, DISTRIBUTION, ETC. | |
| Place of publication, distribution, etc. | RICS |
| Date of publication, distribution, etc. | 2008 |
| 300 ## - PHYSICAL DESCRIPTION | |
| Extent | 45 p. |
| Dimensions | 30cm. |
| 505 2# - FORMATTED CONTENTS NOTE | |
| Formatted contents note | Introduction -- Policy -- The policy frame work -- Partnership selection -- Adding courses to a partnership -- Courses offered in more than one centre, franchised courses and distance learning -- External quality assurance -- Education standards boards -- Appeals -- Threshold reporting -- Guidance -- Partnership development -- Design of courses for accreditation -- Threshold reporting -- Appendix A Threshold reporting: Australia -- Appendix B Threshold reporting: Canada -- Appendix C Threshold reporting: Hong Kong -- Appendix D Threshold reporting: New Zealand -- Appendix E Threshold reporting: South Africa -- Appendix F Threshold reporting: UK -- Appendix G Threshold reporting: USA -- Appendix H TechRICS requirements, bridge to MRICS -- Glossary |
| 520 ## - SUMMARY, ETC. | |
| Summary, etc. | Aims to present the policy and guidance on the implementation of the partnership between RICS and worldwide universities. Details the policy framework and its history, and the policy and guidance on partnership development and the operation of partnerships. Presents the course design and the policy and guidance of RICS on external quality assurance. Provides direction for courses developed in more than one country. Explains the role of the Partnership and Accreditation Boards. Sums up the process used to select partner universities and the appeal procedure. The appendices by geographical area present the minimum standards for students and university, the student selection threshold, the assessment of the teaching environment, the research threshold, and the employability criteria. |
| 590 ## - LOCAL NOTE (RLIN) | |
| Local note | KA |
| 651 #4 - SUBJECT ADDED ENTRY--GEOGRAPHIC NAME | |
| Geographic name | International |
| 690 ## - LOCAL SUBJECT ADDED ENTRY--TOPICAL TERM (OCLC, RLIN) | |
| Topical term or geographic name as entry element | CAREERS, EDUCATION AND TRAINING-QUALIFICATION ROUTES |
| 856 40 - ELECTRONIC LOCATION AND ACCESS | |
| Host name | \\london\library\LIBRARY\WebArchive |
| Public note | Item can be found at this location on the library drive. |
| 942 ## - ADDED ENTRY ELEMENTS (KOHA) | |
| Suppress in OPAC | 0 |
| Withdrawn status | Lost status | Source of classification or shelving scheme | Damaged status | Not for loan | Home library | Current library | Shelving location | Date acquired | Total Checkouts | Full call number | Barcode | Date last seen | Copy number | Price effective from | Koha item type |
|---|---|---|---|---|---|---|---|---|---|---|---|---|---|---|---|
| Dewey Decimal Classification | London | London | Books | 01/03/2012 | ENQUIRY DESK | 155103-1001 | 06/08/2019 | 1 | 06/08/2019 | Book |